000 00504nam a2200193Ia 4500
003 GCL
008 140319s9999 xx 000 0 eng d
040 _aGCL /
_cGCL
082 0 4 _a616.89
_bG O
100 1 _aGATH, DENNIS
245 1 0 _aOXFORD TEXTBOOK OF PSYCHIATRY /
_cGATH, DENNIS
700 1 _aMAYOU, RICHARD
700 1 _aGELDER, MICHAEL
260 _a[S.N] :
_bELBS OXFORD UNIVERSITY PRESS ،
_c1993
300 _a1079\P
650 0 4 _aPSYCHIATRY
650 0 4 _aPSYCHIATRISTS
942 _2ddc
_cBK
999 _c20012
_d20012